000 00534cam a22002053a 4500
001 39694
003 PGUSA
005 20140828083901.0
008 120514s2012||||xxu|||||s|||||000 | eng d
040 _aPGUSA
_beng
042 _adc
100 1 _aGyp,
_d1849-1932
245 1 0 _aBijou
_h[electronic resource] /
_cGyp
260 _bProject Gutenberg,
_c2012
506 _aPublic domain in the USA.
516 _aElectronic text
830 0 _aProject Gutenberg
_v39694
856 4 0 _uhttp://www.gutenberg.org/ebooks/39694
942 _cEB
999 _c268947
_d268947